01806nam a22003377a 4500001000400000003000400004005001700008008004100025020001800066040000800084041001300092082001500105100002700120240003200147245008200179260003700261300001100298490003900309500002200348520088600370650002701256650001301283650001301296650001901309650001401328650002101342655001201363655001601375700003801391830003901429100OSt20250528074011.0250124b |||||||j |||| 00| 1 eng d a9788581630007 bpor hengapor a823bC213c1 aCanavan, Trudi,d1969- aThe Black magician´s Guild aO clã dos magos /cCanavan, Trudi ; Tradução de Robson Falcheti Peixoto aSão PaulobNovo Conceitoc2012 a446 p.1 aA trilogia do mago negrovLivro 01 aO clã dos magos aTodos os anos, os magos de Imardin reúnem-se para purificar as ruas da cidade dos pedintes, criminosos e vagabundos. Mestres das disciplinas de magia, sabem que ninguém pode opor-se a eles. No entanto, seu escudo protetor não é tão impenetrável quanto acreditam. Enquanto a multidão é expurgada da cidade, uma jovem garota de rua, furiosa com o tratamento dispensado pelas autoridades a sua família e amigos, atira uma pedra ao escudo protetor, colocando nisso toda a raiva que sente. Para o espanto de todos que testemunham a ação, a pedra atravessa sem dificuldades a barreira e deixa um dos mágicos inconsciente. Trata-se de um ato inconcebível, e o maior medo da Clã de repente se concretiza: uma maga não treinada está à solta pelas ruas. Ela deve ser encontrada, e rápido, antes que seus poderes fiquem fora de controle e destruam a todos. 0aLiteratura australiana 0aFantasia 0aAventura 0aInfantojuvenil 0aMedieval  0aSeres mágicos  0aRomance 0aFicção  aRobson Falcheti PeixotoeTradutor aA trilogia do mago negrovLivro 01